[Event "GER-chT U20"]
[Site "Kelbra"]
[Date "2006.12.29"]
[Round "6.6"]
[White "Wolf, Carolin"]
[Black "Kakionis, Konstantios"]
[Result "1-0"]
[WhiteElo "1542"]
[BlackElo "1726"]
[PlyCount "85"]
[EventDate "2006.12.27"]
[EventType "team-swiss"]
[EventRounds "7"]
[EventCountry "GER"]
[SourceTitle "EXT 2008"]
[Source "ChessBase"]
[SourceDate "2007.11.25"]
[SourceVersion "1"]
[SourceVersionDate "2007.11.25"]
[SourceQuality "1"]
[WhiteTeam "Ruedersdorf U20"]
[BlackTeam "Eppingen U20"]
[WhiteTeamCountry "GER"]
[BlackTeamCountry "GER"]

1. e4 c5 2. d4 cxd4 3. c3 dxc3 4. Nxc3 e6 5. Nf3 Nc6 6. Bc4 Nf6 7. 0-0 Be7 8. Qe2 d6 9. Rd1 e5 10. h3 0-0 11. Bg5 a6 12. a4 Be6 13. Rac1 Bxc4 14. Qxc4 Rc8 15. Qe2 Qd7 16. Qd2 Rfd8 17. Bxf6 Bxf6 18. Nd5 Qe6 19. Nb6 Rc7 20. Nd5 Rcd7 21. Nb6 Re7 22. Nd5 Ree8 23. Nc7 Qe7 24. Nxe8 Qxe8 25. Rc2 g6 26. Rdc1 Qe7 27. Rc4 a5 28. Qd5 Rd7 29. Kh1 Qe6 30. Qd2 Bd8 31. Qe1 f5 32. Qe2 Bf6 33. Rxc6 bxc6 34. Rxc6 Qb3 35. exf5 gxf5 36. Nd4 Qb7 37. Qc4+ d5 38. Rc8+ Kf7 39. Qe2 Qxc8 40. Qh5+ Kg8 41. Nxf5 Qc1+ 42. Kh2 Qg5 43. Qe8# 1-0

[Event "GER-chT U20"]
[Site "Kelbra"]
[Date "2006.12.27"]
[Round "1.6"]
[White "Kakionis, Konstantios"]
[Black "Steinbach, Ulrich"]
[Result "0-1"]
[WhiteElo "1726"]
[BlackElo "1700"]
[PlyCount "70"]
[EventDate "2006.12.27"]
[EventType "team-swiss"]
[EventRounds "7"]
[EventCountry "GER"]
[SourceTitle "EXT 2008"]
[Source "ChessBase"]
[SourceDate "2007.11.25"]
[SourceVersion "1"]
[SourceVersionDate "2007.11.25"]
[SourceQuality "1"]
[WhiteTeam "Eppingen U20"]
[BlackTeam "Koeln Muelheim U20"]
[WhiteTeamCountry "GER"]
[BlackTeamCountry "GER"]

1. e4 c5 2. Nf3 e6 3. d4 cxd4 4. Nxd4 a6 5. Nc3 Qc7 6. Be3 Nf6 7. Be2 Bb4 8. Qd3 Bxc3+ 9. bxc3 Nxe4 10. c4 Qa5+ 11. Kf1 Nf6 12. Nb3 Qc7 13. Bc5 d5 14. cxd5 exd5 15. Re1 Be6 16. Bf3 Nbd7 17. Ba3 0-0-0 18. Nd4 Rhe8 19. Rb1 Ne5 20. Qb3 Nxf3 21. Nxf3 d4 22. Qb2 Ne4 23. Bb4 Qc4+ 24. Kg1 Rd7 25. Ne5 Qe2 26. Be1 Bc4 27. Nxc4 Qxc4 28. h3 Nc3 29. Bxc3 dxc3 30. Qb3 Qxb3 31. Rxb3 Rc7 32. Kf1 b5 33. h4 Re4 34. a3 Rd4 35. Ke1 Re7+ 0-1

[Event "GER-chT U20"]
[Site "Kelbra"]
[Date "2006.12.27"]
[Round "2.6"]
[White "Renner, Adrian"]
[Black "Kakionis, Konstantios"]
[Result "1-0"]
[WhiteElo "1815"]
[BlackElo "1726"]
[PlyCount "75"]
[EventDate "2006.12.27"]
[EventType "team-swiss"]
[EventRounds "7"]
[EventCountry "GER"]
[SourceTitle "EXT 2008"]
[Source "ChessBase"]
[SourceDate "2007.11.25"]
[SourceVersion "1"]
[SourceVersionDate "2007.11.25"]
[SourceQuality "1"]
[WhiteTeam "Pang/Rosenheim U20"]
[BlackTeam "Eppingen U20"]
[WhiteTeamCountry "GER"]
[BlackTeamCountry "GER"]

1. e4 g6 2. d4 Bg7 3. Nc3 d6 4. Bg5 c6 5. f4 Qb6 6. Nge2 Qxb2 7. Rb1 Qa3 8. e5 dxe5 9. fxe5 Qa5 10. Qd2 Qc7 11. Nf4 h6 12. e6 Bxe6 13. Nxe6 fxe6 14. Bf4 Qd7 15. Bd3 g5 16. Bg6+ Kd8 17. Be3 Nf6 18. Na4 b6 19. c4 Rf8 20. Rd1 Na6 21. 0-0 Nc7 22. Nc3 Kc8 23. a4 Kb7 24. a5 b5 25. cxb5 cxb5 26. Rb1 a6 27. Na4 Qd5 28. Rxf6 Rxf6 29. Be4 Raf8 30. Nc5+ Ka7 31. Bxd5 Nxd5 32. Nd7 Nxe3 33. Qxe3 Rf4 34. Ne5 Kb7 35. Rc1 g4 36. Qc3 Bxe5 37. Qc6+ Kb8 38. Qb6+ 1-0

[Event "GER-chT U20"]
[Site "Cologne"]
[Date "2004.12.29"]
[Round "5.5"]
[White "Kunth, Andreas"]
[Black "Kakionis, Konstantios"]
[Result "1-0"]
[WhiteElo "1807"]
[BlackElo "1468"]
[PlyCount "57"]
[EventDate "2004.12.27"]
[EventType "team-tourn"]
[EventRounds "7"]
[EventCountry "GER"]
[SourceTitle "CBM 104 Extra"]
[Source "ChessBase"]
[SourceDate "2005.03.01"]
[SourceVersion "1"]
[SourceVersionDate "2005.03.01"]
[SourceQuality "1"]
[WhiteTeam "Hettstedt (U20)"]
[BlackTeam "Eppingen (U20)"]
[WhiteTeamCountry "GER"]
[BlackTeamCountry "GER"]

1. e4 d6 2. g3 Nf6 3. Bg2 c5 4. Nc3 Nc6 5. d3 g6 6. h3 a6 7. f4 Qc7 8. Nf3 h6 9. Be3 e5 10. Ne2 Bg7 11. 0-0 Nd4 12. c3 Nxe2+ 13. Qxe2 Nh5 14. Qf2 exf4 15. gxf4 f5 16. e5 dxe5 17. Nxe5 Bxe5 18. fxe5 c4 19. d4 Bd7 20. d5 0-0 21. d6 Qc8 22. Bxh6 Re8 23. Bf3 Kh7 24. Qe3 Re6 25. Bd5 Re8 26. Bf7 Rh8 27. e6 Bb5 28. Qg5 Qc5+ 29. Rf2 1-0

[Event "GER-chT U20"]
[Site "Cologne"]
[Date "2004.12.28"]
[Round "3.5"]
[White "Kakionis, Konstantios"]
[Black "Brandt, Madeleine"]
[Result "1-0"]
[WhiteElo "1468"]
[BlackElo "1639"]
[PlyCount "141"]
[EventDate "2004.12.27"]
[EventType "team-tourn"]
[EventRounds "7"]
[EventCountry "GER"]
[SourceTitle "CBM 104 Extra"]
[Source "ChessBase"]
[SourceDate "2005.03.01"]
[SourceVersion "1"]
[SourceVersionDate "2005.03.01"]
[SourceQuality "1"]
[WhiteTeam "Eppingen (U20)"]
[BlackTeam "Biebertal (U20)"]
[WhiteTeamCountry "GER"]
[BlackTeamCountry "GER"]

1. d4 d5 2. c4 c6 3. Nc3 e6 4. e3 Nf6 5. Bd3 dxc4 6. Bxc4 Nbd7 7. Nge2 Be7 8. 0-0 0-0 9. e4 Nb6 10. Bd3 c5 11. e5 Nfd5 12. Qc2 h6 13. Nxd5 Nxd5 14. Be3 Nxe3 15. fxe3 b6 16. Be4 Rb8 17. Rad1 Qc7 18. Nf4 Bb7 19. Bd3 Rfd8 20. Kh1 Qc6 21. Rd2 Rbc8 22. Rfd1 c4 23. Be2 Qc7 24. Bh5 Bh4 25. Rf1 c3 26. bxc3 Ba6 27. Rc1 Rd7 28. Bf3 Bc4 29. Be2 Bxe2 30. Rxe2 Qc4 31. Qd3 Qxd3 32. Nxd3 Rdc7 33. Rec2 Bg5 34. Nf4 b5 35. Kg1 Rc4 36. Kf2 a5 37. Ne2 b4 38. g3 a4 39. h4 Bd8 40. Ke1 g5 41. hxg5 hxg5 42. Kd2 bxc3+ 43. Nxc3 Rb4 44. Kd3 a3 45. Ne4 Rxc2 46. Rxc2 Rb8 47. Nd6 Kg7 48. g4 Ba5 49. e4 Bb6 50. Nc4 Ba7 51. Nxa3 Rb4 52. Nc4 f6 53. exf6+ Kxf6 54. e5+ Ke7 55. Rb2 Rxb2 56. Nxb2 Kd7 57. Kc4 Kc6 58. Nd3 Bb8 59. Nc5 Bc7 60. Nxe6 Ba5 61. Nxg5 Kd7 62. Ne4 Ke6 63. Nc5+ Ke7 64. Kd5 Bc7 65. a4 Bd8 66. g5 Kf7 67. Kc6 Be7 68. a5 Kg6 69. e6 Kxg5 70. d5 Bxc5 71. Kxc5 1-0